000 00468nam a2200145 a 4500
001 000024592
005 20200930023245.0
008 110201s1978 dr 000 0 spa d
040 _aDO-SdBNP
_bspa
_cBNPHU
111 2 _aSeminario nacional sobre pesca de subsistencia
_c(Santo Domingo )
_950434
245 1 0 _aPrimer seminario nacional sobre pesca de subsistencia /.
260 _aSanto Domingo :
_bAmigo del Hogar,
_c1978.
300 _a134 P. ;
_c22 cm.
049 _aBNPD
999 _c24085
_d24085